000
00374nam a22001337a 4500
003
SGT
020
_a
8188123021
082
_a
080
_b
A020N
100
_a
नन्द, दर्शना
245
_a
आँवला और उसकी बागवानी
260
_b
हिमांचल पुस्तक भंडार
_c
2002
300
_a
152
942
_2
ddc
_c
BK
999
_c
31547
_d
31547